Countries Closest to Cuba - Sudden Death - Statistics

General Stats
  • This quiz has been taken 25 times
  • The average score is 6 of 15
Answers on the Grid
Answers color-coded by a green-red scale on the quiz's grid according to % correct below.
Haiti
Bahamas
Jamaica
United States
Mexico
Dominican Republic
Belize
Guatemala
Honduras
Nicaragua
Colombia
El Salvador
Venezuela
Panama
Costa Rica
Canada
Guyana
Suriname
Ecuador
Peru
Bolivia
Brazil
Paraguay
Uruguay
Argentina
St. Kitts and Nevis
Antigua and Barbuda
Dominica
Portugal
Morocco
 
Answer Stats
Answer % Correct
Dominican Republic
80%
Jamaica
60%
Belize
50%
Mexico
50%
Costa Rica
40%
United States
40%
Colombia
30%
Guatemala
30%
Haiti
30%
Honduras
30%
Panama
30%
Venezuela
30%
Bahamas
20%
El Salvador
20%
Nicaragua
20%
No matching quizzes found
Score Distribution
Percent of People with Each Score
Percentile by Number Answered
Your Score History
You have not taken this quiz